00649nam a22001932 4500001001100000005001700011008004100028040001500069100003600084245010100120250001300221260002800234300001100262650004700273650004200320700002900362700003200391700003200423000002335220151217155911.0121113s xx 000 0 eng d aKABUcKABU1 aSouthwood, Russell.@000018274810aAssessing consumer activity in the telecoms and internet sectors in Africa /cRussell Southwood. a1st ed. aOttawa :bCRDI,c[2012] a84 p. 0aTelecommunicationxManagement.@0000182749 0aTelecommunication policy.@00001654571 aNguo, James.@00001827501 aSagna, Olivier.@00001827511 aLewis, Charles.@0000182752